K povinnej elektronickej komunikácii daňového subjektu so správcom dane od 1.1.2018 a od 1.7.2018

História začiatku elektronickej komunikácie pri správe daní. Legislatíva začiatku elektronickej komunikácie pri správe daní. Postup pri doručovaní podania elektronickými prostriedkami. Ilustračné príklady.

Salvato in:
Dettagli Bibliografici
Autore principale: Jurčíková, Božena
Altri autori: Jurčík, Peter
Natura: Capitolo di libro
Lingua:slovacco
Soggetti:
Tags: Aggiungi Tag
Nessun Tag, puoi essere il primo ad aggiungerne!!

MARC

LEADER 00000naa a2200000 4500
001 0243804
005 20180604104031.7
041 0 |a slo 
044 |a SK 
245 1 0 |a K povinnej elektronickej komunikácii daňového subjektu so správcom dane od 1.1.2018 a od 1.7.2018  |c Božena Jurčíková, Peter Jurčík 
520 |a História začiatku elektronickej komunikácie pri správe daní. Legislatíva začiatku elektronickej komunikácie pri správe daní. Postup pri doručovaní podania elektronickými prostriedkami. Ilustračné príklady. 
610 2 0 |a komunikácia elektronická 
610 2 0 |a správa daňová 
610 2 0 |a daňovníci 
610 2 0 |a osoby fyzické 
610 2 0 |a poriadok daňový 
610 2 0 |a osoby právnické 
610 2 0 |a legislatíva 
610 2 0 |a Slovensko 
100 1 |a Jurčíková, Božena 
700 1 |a Jurčík, Peter